Statistics for Countries Most Similar To Netherlands

Click here to take the quiz!

General Stats

  • This quiz has been taken 131 times
  • The average score is 17 of 20

Answer Stats

RankCountryScore% Correct
2Germany85.5
99%
1Belgium88.0
97%
5United Kingdom81.2
97%
6France79.9
96%
4Denmark82.1
94%
3Luxembourg82.3
94%
10Norway76.6
94%
8Sweden78.0
94%
11Spain75.6
92%
7Austria79.0
90%
17Poland73.3
89%
18Finland72.8
88%
11Switzerland75.6
88%
9Ireland77.6
85%
13Italy75.3
84%
13Czech Republic75.3
70%
19Slovakia72.3
69%
13Slovenia75.3
69%
16Hungary73.4
59%
20Latvia72.2
42%

Score Distribution

Percentile by Number Answered

Percent of People with Each Score

Your Score History

You have not taken this quiz